000 00626cam a22002411 4500
001 sa 67004426
003 DLC
005 20260227112346.0
008 890807s1966 ii b 000 0 gujo
010 _asa 67004426
035 _a(OCoLC)20138964
040 _aDLC
_cWaU
_dDLC
042 _apremarc
043 _aa-ii---
050 0 0 _aPK1850.5
_b.D4
100 1 _aDesai, Harshadrai Jhaverilal,
_d1907-
245 1 0 _aŚabdapushpāñjali.
260 _c[1966]
300 _a8, 151 p.
_c19 cm.
500 _aIn Gujarati.
504 _aBibliographical footnotes.
650 0 _aGujarati literature
_xHistory and criticism.
999 _c74470
_d74470